000 00590nam a2200241 a 4500
001 nice12345678
003 IN_TiNIC
005 20260116012851.0
008 050524s1352 luca grp 000 0 urd
020 _a
_c100
082 0 0 _a297.64
_bMAH
100 _aMahdi M, Syed Agha
245 _aAli Aur Ka`aba.
260 _aLucknow
_bSarfraz Qaumi Press
_c1352
300 _a44p.
500 _aincludes index and biblioraphy
505 2 _aHebrew Grammar {New Testament}
650 _aAli-Caliph
700 1 _aMahdi M, Syed Agha
902 _bSRS
942 _cBK
999 _c8706
_d8706